Science Quiz

Random Science or Astronomy Quiz

10 to 1: Outer Space Quiz Stats

 Plays Quiz Updated Nov 13, 2019

Support Sporcle.
Go Orange.
Score 0/55 Timer 07:00
3 Plays Today
% Correct
Earth
86.9%
Jupiter
86.5%
Mars
85.9%
Saturn
85.5%
Uranus
84.8%
The Milky Way
84.5%
Neptune
84.5%
Venus
83.9%
Pluto
83.8%
Challenger
82.7%
Ursa Major
80.1%
Canis Major
79.5%
Titan
79.4%
Mercury
78.8%
Discovery
78.8%
Europa
78.5%
Endeavour
76.4%
Orion
76.2%
Spiral
76.1%
Io
76%
Elliptical
75.1%
Columbia
74.5%
Irregular
74.4%
Triton
73.1%
Asteroids
72.4%
Phobos
72.4%
Hale–Bopp
71.4%
Gemini
70.4%
% Correct
Comets
69.1%
Callisto
69.1%
Polaris
69%
Deimos
68.9%
The Sun
68.9%
Cassiopeia
68.8%
Ganymede
68.1%
Sirius
66%
Atlantis
64.9%
Leo
64.6%
Andromeda
63%
Betelgeuse
62.5%
Ikeya–Seki
61.3%
Hyakutake
59.5%
Titania
57.6%
McNaught
56.9%
Oberon
53.9%
Lovejoy
53.7%
Vega
51.9%
Ceres
51.2%
Cygnus
47.7%
Rigel
47.4%
Antares
46.7%
Eris
43.4%
Draco
40.6%
West
29.9%
Makemake
28.4%

You're not logged in!

Compare scores with friends on all Sporcle quizzes.
OR
Log In

From the Vault

US States Without Their Capital's Letters on a Map

by Purple_Parrot

States just aren't complete without their capitals.
Remove Ads.
Support Sporcle.
Get the best of Sporcle when you Go Orange. This ad-free experience offers more features, more stats, and more fun while also helping to support Sporcle. Thank you for becoming a member.

Show Comments

Extras

Top Quizzes Today


Score Distribution

Your Account Isn't Verified!

In order to create a playlist on Sporcle, you need to verify the email address you used during registration. Go to your Sporcle Settings to finish the process.

Report this User

Report this user for behavior that violates our Community Guidelines.

Details: